000 00640nam a2200229Ia 4500
003 OSt
005 20220918191901.0
006 a|||||r|||| 00| 0
007 ta
008 220917b |||||||| |||| 00| 0 eng d
024 _a65,629
037 _cTextual
040 _aARTS
_cARTS
_beng
041 _2eng
_aeng
082 _aR3v3:N5, K6 (PD)
100 _aMace C A ed
_977515
245 0 _aBritish philosophy in the mid-century
_b a cambridge symposium
260 _aLondon
_bGeorge Allen and Unwin
_c1957
300 _a406p.
_ccm.
942 _hR3v3:N5, K6 (PD)
_cTEXL
_2CC
999 _c191872
_d191872